| 000 | 00618nam a22001937a 4500 | ||
|---|---|---|---|
| 008 | 131112b xxu||||| |||| 00| 0 eng d | ||
| 020 | _a3854284330 | ||
| 041 | 0 | _aeng | |
| 080 | _a338.314 | ||
| 100 | 1 | _aMild, Andreas | |
| 245 | 1 | 0 |
_aNew product development using adaptive neural agents in an artificial factory : _cAndreas Mild |
| 260 |
_aWien : _bService Fachverlag ; _c2001. |
||
| 300 |
_a99 f. : _bme il. ; _c24 cm. |
||
| 505 | _aBibliography : f. 78-86 | ||
| 505 | _aAppendix : f. [87] - 99 | ||
| 650 | 0 | _aZhvillimi i produktit | |
| 650 | 0 | _aProduktiviteti industrial | |
| 942 |
_2udc _cBK |
||
| 999 |
_c279 _d279 |
||